000
00284nam a2200097Ia 4500
082
_a
378.0072 DOIN
245
0
_a
Doing research
100
_a
Lategan, Laetus O K. [Bloemfontein, South Africa], 2011 Rev. ed
_9
56610
942
_c
BK
008
210817s9999 xx 000 0 und d
999
_c
177198
_d
177197